| 000 | 00732nam a2200205 a 4500 | ||
|---|---|---|---|
| 001 | 000040696 | ||
| 005 | 20240412074300.0 | ||
| 008 | 130905s2003 bl 000 0 spa d | ||
| 040 |
_aDO-SdBNP _bspa _cBNPHU |
||
| 082 |
_aRD861.44 _bB333p, 2003 |
||
| 100 | 1 |
_aBatista, León Félix, _d1964- _912031 |
|
| 245 | 1 | 0 |
_aProsa do que está na esfera. / _cLeón Félix Batista; traductor Claudio Daniel e Fabiano Calixto. |
| 260 |
_aSao Paulo, : _bOlavobrás, _c2003. |
||
| 300 |
_a39 p. ; _c16 cm. |
||
| 600 | 1 | 4 |
_aFÉLIX BATISTA, LEÓN, _d1964- _zREPÚBLICA DOMINICANA _967066 |
| 650 | 0 |
_aPoesía dominicana _966 |
|
| 650 | 0 |
_aLiteratura dominicana. _967 |
|
| 700 | 1 |
_aDaniel, Claudio, _etr. _967067 |
|
| 700 | 1 |
_aCalixto, Fabiano, _etr. _967068 |
|
| 999 |
_c40186 _d40186 |
||